TALK-LESS TEACHING: PRACTICE, PARTICIPATION AND PROGRESS (Record no. 216520)

MARC details
000 -LEADER
fixed length control field 00538nam a22001817a 4500
008 - FIXED-LENGTH DATA ELEMENTS--GENERAL INFORMATION
fixed length control field 260203b |||||||| |||| 00| 0 eng d
020 ## - INTERNATIONAL STANDARD BOOK NUMBER
International Standard Book Number 978-184590928-4
050 ## - LIBRARY OF CONGRESS CALL NUMBER
Classification number LB 1033.5 .W 35 2014
100 ## - MAIN ENTRY--PERSONAL NAME
Personal name WALLACE, ISABELLA
245 ## - TITLE STATEMENT
Title TALK-LESS TEACHING: PRACTICE, PARTICIPATION AND PROGRESS
260 ## - PUBLICATION, DISTRIBUTION, ETC.
Place of publication, distribution, etc. CARMARTHEN, WALES,
Name of publisher, distributor, etc. CROWN HOUSE PUBLISHING LTD,
Date of publication, distribution, etc. 2014,
300 ## - PHYSICAL DESCRIPTION
Extent i, 184 P. ILL
500 ## - GENERAL NOTE
General note INCUDES INDEX
650 ## - SUBJECT ADDED ENTRY
Topical term or geographic name entry element CLASSROOM MANAGEMENT.
700 ## - ADDED ENTRY--PERSONAL NAME
Personal name KIRKMAN LEAH
942 ## - ADDED ENTRY ELEMENTS (KOHA)
Source of classification or shelving scheme Library of Congress Classification
Koha item type Long Loan Book
Holdings
Withdrawn status Lost status Source of classification or shelving scheme Damaged status Not for loan Collection Home library Current library Shelving location Date acquired Inventory number Total checkouts Full call number Barcode Date last seen Copy number Price effective from Koha item type
    Library of Congress Classification     Arts & Social Sciences Kisii University Library Kisii University Library On Display 02/03/2026 111649   LB 1033.5 .W 32 2014 50209 02/03/2026 1 02/03/2026 Long Loan Book
    Dewey Decimal Classification     Arts & Social Sciences Kisii University Library Kisii University Library On Display 02/03/2026 111650   LB1033.5 .W35 2014 50144 02/03/2026 2 02/03/2026 Long Loan Book
    Library of Congress Classification     Arts & Social Sciences Kisii University Library Kisii University Library On Display 02/03/2026 111651   LB1033.5 .W35 2014 50138 02/03/2026 3 02/03/2026 Long Loan Book
    Library of Congress Classification     Arts & Social Sciences Kisii University Library Kisii University Library On Display 02/03/2026 111652   LB1033.5 .W35 2014 50184 02/03/2026 4 02/03/2026 Long Loan Book
    Library of Congress Classification     Arts & Social Sciences Kisii University Library Kisii University Library On Display 02/03/2026 111653   LB1033.5 .W35 2014 50186 02/03/2026 5 02/03/2026 Long Loan Book